Control of unstable systems

Coverage on computers and principles in designing digital controllers Details on computer networking, topology, communication protocol, and DCS Fundamentals of fuzzy logic control, their design and use of fuzzy logic in improving performance of conventional PID controllers presented Several case stu...

Cijeli opis

Spremljeno u:
Bibliografski detalji
Glavni autor: Sree, R. Padma
Format: Knjiga
Jezik:Undetermined
Izdano: Harrow Alpha Science 2006
Teme:
Oznake: Dodaj oznaku
Bez oznaka, Budi prvi tko označuje ovaj zapis!
Thư viện lưu trữ: Trung tâm Học liệu Trường Đại học Cần Thơ
LEADER 00923nam a2200205Ia 4500
001 CTU_133567
008 210402s9999 xx 000 0 und d
020 |c 1422000 
082 |a 629.38 
082 |b S732 
100 |a Sree, R. Padma 
245 0 |a Control of unstable systems 
245 0 |c R. Padma Sree, M. Chidambaram 
260 |a Harrow 
260 |b Alpha Science 
260 |c 2006 
520 |a Coverage on computers and principles in designing digital controllers Details on computer networking, topology, communication protocol, and DCS Fundamentals of fuzzy logic control, their design and use of fuzzy logic in improving performance of conventional PID controllers presented Several case studies provided to illustrate the design of digital controllers 
650 |a Automatic control,Kiểm soát tự động 
904 |i Hạ Nguyên 
980 |a Trung tâm Học liệu Trường Đại học Cần Thơ